000 00396nam a2200145Ia 4500
008 220204s9999 xx 000 0 und d
082 _a065.016
_bPUG
245 0 _aOrganizational structure extensions and replications
260 _aLondon
_bSaxon
_c1976
490 _aThe Aston Programme 2
650 _aOrganizational structure
700 _aHinings, C R
700 _aPugh, D S
942 _cBK
999 _c28025
_d28025